| 000 | 00708nam a22002057a 4500 | ||
|---|---|---|---|
| 003 | BUBTL | ||
| 008 | 200726b xxu||||| |||| 00| 0 eng d | ||
| 020 | _a9843000009755 | ||
| 082 | _a336.20495492/ Sh621b/ 2015 | ||
| 100 |
_aShil, Nikhil Chandra _93307 |
||
| 245 |
_aBangladesh Income Tax : Theory and Practice / _bNikhil Chandra Shil, Mohammad Zakaria Masud and Mohammad Faridul Alam |
||
| 250 | _a9th | ||
| 260 |
_aDhaka _bShams Publications _cc2015 |
||
| 300 |
_a709p . : _bill. ; 24cm. |
||
| 650 |
_aAccounting _93308 |
||
| 700 |
_aNikhil Chandra Shil , Mohammad Zakaria Masud and Mohammad Faridul Alam _93309 |
||
| 856 |
_k0 _l0 _yDownload |
||
| 942 |
_2ddc _cBK |
||
| 999 |
_c6323 _d6323 |
||